000 00796nam a2200265 4500
001 2145707
005 20141015144627.0
007 000
008 000
010 _a 98072019
020 _a0395902231
040 _aUOEL
_cDLC
050 0 0 _aQD251.2
_b.E34 1999
082 0 0 _a547
_221
100 1 _aEğe, Seyhan N.
245 1 0 _aOrganic chemistry :
_bstructure and reactivity /
_cSeyhan N. Eğe.
250 _a4th ed.
260 _aBoston :
_bHoughton Mifflin,
_cc1999.
300 _axxxii, 1148 p. :
_bill. (some col.) ;
_c26 cm.
500 _aIncludes index.
650 0 _aChemistry, Organic.
_xChemistry
906 _a7
_bcbc
_corignew
_d2
_eopcn
_f19
_gy-gencatlg
942 _2lcc
_cSL2
999 _c823
_d823